Netaji Collected Works (Subhas Chandra Bose): (Record no. 201626)

MARC details
000 -LEADER
fixed length control field 00732nam a22002057a 4500
005 - DATE AND TIME OF LATEST TRANSACTION
control field 20240320114419.0
010 ## - LCCN (DPL NO)
LC control number ENG-139783
020 ## - INTERNATIONAL STANDARD BOOK NUMBER
International Standard Book Number 9789354420306(Vol 3)
Terms of availability 425.00
035 ## - SYSTEM CONTROL NUMBER
System control number EN-123315
037 ## - SOURCE OF ACQUISITION
Source of stock number/acquisition DBAD/PUB
082 ## - DEWEY DECIMAL CLASSIFICATION NUMBER
Classification number 954.0841
Edition number 1
245 ## - TITLE STATEMENT
Title Netaji Collected Works (Subhas Chandra Bose):
Remainder of title In Burmese Prisons Correspondence May 1923-July 1926/
Statement of responsibility, etc Edited By Sisir K. Bose and Sugta Bose
250 ## - EDITION STATEMENT
Edition statement 1
260 ## - PUBLICATION, DISTRIBUTION, ETC. (IMPRINT)
Place of publication, distribution, etc Hyderabad
Name of publisher, distributor, etc Orient Blackswan Private Ltd
Date of publication, distribution, etc 2021
270 ## - ADDRESS
Address 3-6-752, Himayatnagar
City Hyderabad
Postal code 500029
Electronic mail address info@orintblackswan.com
300 ## - PHYSICAL DESCRIPTION
Extent xxi,360p.
Dimensions 21cm(pbk)
700 ## - ADDED ENTRY--PERSONAL NAME
Personal name Bose , Sisir K.
9 (RLIN) 63627
700 ## - ADDED ENTRY--PERSONAL NAME
Personal name Bose, Sugta
9 (RLIN) 63628
942 ## - ADDED ENTRY ELEMENTS (KOHA)
Source of classification or shelving scheme Dewey Decimal Classification
Classification part 954.0841
Item type English Books
Call number suffix INB
Edition 1
Holdings
Withdrawn status Lost status Not for loan Collection code Home library Current library Date acquired Source of acquisition Cost, normal purchase price Full call number Barcode Copy number Cost, replacement price Koha item type
      Non-fiction Bawana Bawana 20/03/2024 DBAD 425.00 954.0841 INB EN-123315 1 425.00 English Books

© Delhi Public Library
Hit Counter
free hit counter